000 00571nam a22001937a 4500
005 20260121151251.0
010 _aENG-147615
020 _a9788119670154
_c595.00
035 _aEN-131147
037 _bDBAD
082 _a158.1
_21
100 _aAron, Sunita
_986745
245 _aSatraps, Coalitions and Power Games/
_cSunita Aron
250 _a1
260 _aNew Delhi
_bVitasta Publishing
_c2025
270 _a2/15,Ansari Road,Daryaganj,
_bNew Delhi
_e110002
_mvitastapublishing.com
300 _a244p.
_c22cm(hb)
942 _2ddc
_cEN
_h158.1
_mARO
999 _c214403
_d214403